| 000 | 00510 a2200181 4500 | ||
|---|---|---|---|
| 003 | OSt | ||
| 005 | 20231121124007.0 | ||
| 008 | 231121b |||||||| |||| 00| 0 eng d | ||
| 020 | _a812591000X | ||
| 040 | _coclc | ||
| 082 |
_a570 _bKUM/M |
||
| 100 |
_aKumar, H D _94929 |
||
| 245 |
_aModern Concepts of Microbiology / _cH D Kumar, Swati Kumar |
||
| 250 | _a2nd ed. | ||
| 260 |
_aNoida: _bVikas Publishing house, _c2014. |
||
| 300 | _a683p | ||
| 942 |
_2ddc _cBK _h570 _iKUM/M _k570 _mKUM/M |
||
| 999 |
_c43680 _d43680 |
||